Conservation and biodiversity in and around Cocoa farms (Record no. 38450)

MARC details
000 -LEADER
fixed length control field 01005nam a2200241 a 4500
008 - FIXED-LENGTH DATA ELEMENTS--GENERAL INFORMATION
fixed length control field 111114s2009 ||||||||||||||||| || u
020 ## - INTERNATIONAL STANDARD BOOK NUMBER
International Standard Book Number 9788779034204
050 ## - LIBRARY OF CONGRESS CALL NUMBER
Classification number FL(08)DE
100 ## - MAIN ENTRY--PERSONAL NAME
Personal name Asare, Richard
245 10 - TITLE STATEMENT
Title Conservation and biodiversity in and around Cocoa farms
Statement of responsibility, etc. Compiled and edited by Richard Asare, Sonii David and Denis Sonwa
246 ## - VARYING FORM OF TITLE
Title proper/short title Learning about sustainable Cocoa production: A guide for participatory farmer training
260 ## - PUBLICATION, DISTRIBUTION, ETC.
Place of publication, distribution, etc. Horsholm
Name of publisher, distributor, etc. Forest and Landscape
Date of publication, distribution, etc. 2009
300 ## - PHYSICAL DESCRIPTION
Extent x, 40p. ;ill.
350 ## - PRICE (NR) (BK AM CF MU VM SE) [OBSOLETE]
Price 0.00
490 ## - SERIES STATEMENT
Series statement Development and environment
500 ## - GENERAL NOTE
General note Development and environent series, no. 12, 2009
650 ## - SUBJECT ADDED ENTRY--TOPICAL TERM
Topical term or geographic name entry element BIODIVERSITY AND CONSERVATION
650 ## - SUBJECT ADDED ENTRY--TOPICAL TERM
Topical term or geographic name entry element COCOA--GROWING
700 ## - ADDED ENTRY--PERSONAL NAME
Personal name Sonwa, Denis
700 ## - ADDED ENTRY--PERSONAL NAME
Personal name David, Sonii
710 ## - ADDED ENTRY--CORPORATE NAME
Corporate name or jurisdiction name as entry element Forest and Landscape Denmark (FLD)
995 ## - RECOMMENDATION 995 [LOCAL, UNIMARC FRANCE]
-- 0.00
-- CBU-MAIN LIBRARY (Kitwe)
-- 1
-- 0.00
-- 1
-- AVAILABLE
-- Nov 17, 2011
-- International Publications
Holdings
Withdrawn status Lost status Source of classification or shelving scheme Damaged status Not for loan Home library Current library Shelving location Date acquired Total Checkouts Full call number Barcode Date last seen Price effective from Koha item type
          CBU-MAIN LIBRARY, KITWE. CBU-MAIN LIBRARY, KITWE.   11/30/2022   FL(08)DE 03008302 11/30/2022 11/30/2022 MONOGRAPH